Normal view
MARC view
- Construction contracts.
Entry Topical Term
001 - CONTROL NUMBER
- control field: 25551
003 - CONTROL NUMBER IDENTIFIER
- control field: NUST
005 - DATE AND TIME OF LATEST TRANSACTION
- control field: 20191112123425.0
008 - FIXED-LENGTH DATA ELEMENTS
- fixed length control field: 191112|| aca||aabn | a|a d
040 ## - CATALOGING SOURCE
- Original cataloging agency: NUST
- Transcribing agency: NUST
150 ## - HEADING--TOPICAL TERM
- Topical term or geographic name entry element: Construction contracts.
670 ## - SOURCE DATA FOUND
- Source citation: Work cat.: (NUST)0: Jeremy Hackett 25547, Construction claims:, c2000
